000 00741nam a2200253Ia 4500
003 OSt
005 20221006143614.0
006 a|||||r|||| 00| 0
007 ta
008 221006b |||||||| |||| 00| 0 eng d
020 _cS4.00
024 _a9,438
037 _bGift,
_cTextual
040 _aEASL
_cEASL
_beng
041 _2eng
_aeng
082 _aX:31.41.N5, K5
100 _aISHIKAWA Shigeru
245 0 _aNational income and capital formation in mainland China
_b A examination of official statistics
260 _aTokyo
_bInsddtitute of asian economic affairs
_c1965
300 _a206p.
_ccm.
490 _v CEL
942 _hX:31.41.N5, K5
_cTEXL
_2CC
999 _c1077524
_d1077524